Ifjú kémikusok. [Röv. hír.]
Elmentve itt :
| Dokumentumtípus: | Cikk |
|---|---|
| Megjelent: |
2000-04-11
|
| Sorozat: | Délmagyarország
90 No. 85 |
| Kulcsszavak: | Verseny, kémikusok |
| Online Access: | http://dmarchiv.bibl.u-szeged.hu/80780 |
| LEADER | 00406nab a2200145 i 4500 | ||
|---|---|---|---|
| 001 | delm80780 | ||
| 005 | 20191029113029.0 | ||
| 008 | 191029s2000 hu o 0|| hun d | ||
| 040 | |a SZTE Délmagyarország Archívum |b hun | ||
| 041 | |a hun | ||
| 245 | 0 | 0 | |a Ifjú kémikusok. [Röv. hír.] |h [elektronikus dokumentum] |
| 260 | |c 2000-04-11 | ||
| 300 | |a 10 | ||
| 490 | 0 | |a Délmagyarország |v 90 No. 85 | |
| 695 | |a Verseny, kémikusok | ||